|
|
|
|
| LEADER |
01165nam a2200289 a 4500 |
| 001 |
16726326 |
| 008 |
111120s2011 enka 001 0 eng |
| 010 |
|
|
|a 2011014948
|
| 020 |
|
|
|a 9780749463939
|
| 020 |
|
|
|a 9780749464264
|
| 040 |
|
|
|a DLC
|c DLC
|d BD-DhAAL
|
| 042 |
|
|
|a pcc
|
| 050 |
0 |
0 |
|a HD38.5
|b .W3844 2011
|
| 082 |
0 |
0 |
|a 658.7
|2 22
|
| 100 |
1 |
|
|a Waters, C. D. J.
|q (C. Donald J.),
|d 1949-
|
| 245 |
1 |
0 |
|a Supply chain risk management :
|b vulnerability and resilience in logistics /
|c Donald Waters.
|
| 250 |
|
|
|a 2nd ed.
|
| 260 |
|
|
|a London ;
|a Philadelphia :
|b Kogan Page,
|c c2011.
|
| 300 |
|
|
|a vii, 256 p. :
|b ill. ;
|c 24 cm.
|
| 500 |
|
|
|a Includes index.
|
| 541 |
|
|
|e 00023830
|
| 650 |
|
0 |
|a Business logistics.
|
| 650 |
|
0 |
|a Risk management.
|
| 852 |
1 |
|
|a Ayesha Abed Library
|c General shelf.
|
| 999 |
|
|
|c 11451
|d 11451
|
| 952 |
|
|
|0 0
|1 0
|2 ddc
|4 0
|6 658_700000000000000_WAT
|7 0
|9 18610
|a BRACUL
|b BRACUL
|c GEN
|d 2011-11-21
|l 5
|m 33
|o 658.7 WAT
|p 3010023830
|q 2025-06-22
|r 2023-06-02
|s 2023-06-02
|t 1
|w 2011-11-21
|y BK
|
| 952 |
|
|
|0 0
|1 0
|2 ddc
|4 0
|6 658_700000000000000_WAT
|7 0
|9 18611
|a BRACUL
|b BRACUL
|c GEN
|d 2011-11-21
|l 6
|m 53
|o 658.7 WAT
|p 3010023831
|r 2025-11-10
|s 2025-10-29
|t 2
|w 2011-11-21
|y BK
|